<?xml version="1.0" encoding="UTF-8"?>
<record
    xmlns:xsi="http://www.w3.org/2001/XMLSchema-instance"
    xsi:schemaLocation="http://www.loc.gov/MARC21/slim http://www.loc.gov/standards/marcxml/schema/MARC21slim.xsd"
    xmlns="http://www.loc.gov/MARC21/slim">

  <leader>01821nam a22002417a 4500</leader>
  <controlfield tag="003">DO-SdBJH</controlfield>
  <controlfield tag="005">20230707143941.0</controlfield>
  <controlfield tag="008">230707b        |||||||| |||| 00| 0 spa d</controlfield>
  <datafield tag="040" ind1=" " ind2=" ">
    <subfield code="a">DO-SdBJH</subfield>
    <subfield code="b">spa</subfield>
    <subfield code="c">DO-SdBJH</subfield>
  </datafield>
  <datafield tag="090" ind1=" " ind2=" ">
    <subfield code="a">TG EGCEMC</subfield>
    <subfield code="b">01964 2021</subfield>
  </datafield>
  <datafield tag="100" ind1="1" ind2=" ">
    <subfield code="a">Do&#xF1;&#xE9; Guzm&#xE1;n, F&#xE9;lix Anthonely</subfield>
    <subfield code="e">sustentante</subfield>
  </datafield>
  <datafield tag="245" ind1="1" ind2="1">
    <subfield code="a">Impacto de participaci&#xF3;n de la Direcci&#xF3;n Nacional de Control de Drogas (DNCD) en el combate contra el narcotr&#xE1;fico en el Distrito Nacional y la Provincia Santo Domingo, periodo 2017-2019 / </subfield>
    <subfield code="c"> F&#xE9;lix Anthonely Do&#xF1;&#xE9; Guzm&#xE1;n, Kelly Anderson Rosario Paulino, asesores Frank F&#xE9;lix Ferreras Ferreras, Fanny Torres Rosario</subfield>
  </datafield>
  <datafield tag="260" ind1=" " ind2=" ">
    <subfield code="a"> Santo Domingo :</subfield>
    <subfield code="b">INSUDE,</subfield>
    <subfield code="c">2021</subfield>
  </datafield>
  <datafield tag="300" ind1=" " ind2=" ">
    <subfield code="a">xvi, 74 p&#xE1;ginas, cuadros, gr&#xE1;ficos</subfield>
  </datafield>
  <datafield tag="502" ind1=" " ind2=" ">
    <subfield code="a">Tesis (Especialidad  en Comando y Estado Mayor Conjunto). --   Instituto Superior para la Defensa (INSUDE).  Escuela de Graduados en Comando y Estado Mayor &#x201C;General de Divisi&#xF3;n Gregorio Luper&#xF3;n&#x201D;, 2021.</subfield>
  </datafield>
  <datafield tag="504" ind1=" " ind2=" ">
    <subfield code="a">Incluye referencias bibliogr&#xE1;ficas e &#xED;ndices</subfield>
  </datafield>
  <datafield tag="505" ind1=" " ind2=" ">
    <subfield code="a">Origen, evoluci&#xF3;n y situaci&#xF3;n actual del narcotr&#xE1;fico en Rep&#xFA;blica Dominicana. -- Marco legal que sustenta el rol de la Direcci&#xF3;n Nacional de Control de Drogas (DNCD), en la lucha contra el narcotr&#xE1;fico. -- Impacto de las estrategias y las acciones desarrolladas por la Direcci&#xF3;n Nacional de Control de Drogas (DNCD), para combatir el narcotr&#xE1;fico en el Distrito Nacional y la Provincia Santo Domingo, durante el periodo 2017-2019</subfield>
  </datafield>
  <datafield tag="700" ind1="1" ind2=" ">
    <subfield code="a"> Rosario Paulino,  Kelly Anderson</subfield>
    <subfield code="e">sustentante</subfield>
  </datafield>
  <datafield tag="700" ind1="1" ind2=" ">
    <subfield code="a">Ferreras Ferreras,  Frank F&#xE9;lix </subfield>
    <subfield code="e">asesor</subfield>
  </datafield>
  <datafield tag="700" ind1="1" ind2=" ">
    <subfield code="a">Torres Rosario, Fanny </subfield>
    <subfield code="e">asesor</subfield>
  </datafield>
  <datafield tag="830" ind1=" " ind2=" ">
    <subfield code="a">INSUDE. Escuela de Graduados en Comando y Estado Mayor &#x201C;General de Divisi&#xF3;n Gregorio Luper&#xF3;n&#x201D;. Tesis y disertaciones acad&#xE9;micas</subfield>
  </datafield>
  <datafield tag="942" ind1=" " ind2=" ">
    <subfield code="2">CL</subfield>
    <subfield code="c">T</subfield>
  </datafield>
  <datafield tag="999" ind1=" " ind2=" ">
    <subfield code="c">7526</subfield>
    <subfield code="d">7526</subfield>
  </datafield>
  <datafield tag="952" ind1=" " ind2=" ">
    <subfield code="0">0</subfield>
    <subfield code="1">0</subfield>
    <subfield code="2">CL</subfield>
    <subfield code="4">0</subfield>
    <subfield code="7">1</subfield>
    <subfield code="8">TG</subfield>
    <subfield code="a">BJHA</subfield>
    <subfield code="b">BJHA</subfield>
    <subfield code="d">2023-07-07</subfield>
    <subfield code="i">21-01964</subfield>
    <subfield code="l">0</subfield>
    <subfield code="o">TG EGCEMC 01964 2021</subfield>
    <subfield code="p">21-01964</subfield>
    <subfield code="r">2023-07-07 00:00:00</subfield>
    <subfield code="t">e.1</subfield>
    <subfield code="w">2023-07-07</subfield>
    <subfield code="y">T</subfield>
  </datafield>
</record>
